An introduction to English language : (رقم التسجيلة. 14259)

تفاصيل مارك
000 -الفاتح
حقل البيانات ثابتة الطول 01392cam a2200445 a 4500
001 - رقم الضبط
رقم الضبط ocn495598210
003 - محدد رقم الضبط
رقم الضبط OCoLC
005 - وقت وتاريخ اخر تعامل مع التسجيلة
رقم الضبط 20150408113918.0
008 - عناصر البيانات ثابتة الطول - معلومات عامة
حقل البيانات ثابتة الطول 091217s2010 enka 001 0 eng
015 ## - رقم الببليوجرافية الوطنية
رقم الببليوجرافية الوطنية GBB001798
المصدر bnb
015 ## - رقم الببليوجرافية الوطنية
رقم الببليوجرافية الوطنية GBB001797
المصدر bnb
016 7# - رقم ضبط الوكاله الوطنية للضبط الببليوجرافي
رقم ضبط التسجيلة 015455059
المصدر Uk
016 7# - رقم ضبط الوكاله الوطنية للضبط الببليوجرافي
رقم ضبط التسجيلة 015455058
المصدر Uk
020 ## - الرقم الدولى المعيارى للكتب
الرقم الدولى المعيارى للكتاب 9780230208018 (pbk.)
020 ## - الرقم الدولى المعيارى للكتب
الرقم الدولى المعيارى للكتاب 0230208010 (pbk.)
020 ## - الرقم الدولى المعيارى للكتب
الرقم الدولى المعيارى للكتاب 0230208002 (hbk.)
020 ## - الرقم الدولى المعيارى للكتب
الرقم الدولى المعيارى للكتاب 9780230208001 (hbk.)
035 ## - رقم ضبط النظام
رقم ضبط النظام (OCoLC)495598210
رقم الضبط الملغى والمتاح (OCoLC)430839418
040 ## - مصدر الفهرسة
وكالة الفهرسة الأصلية UKM
وكالة النسخ UKM
وكالة التعديل YDXCP
-- DEBBG
-- BTCTA
-- BWK
-- C#P
-- BWX
050 #4 - رقم طلب مكتبة الكونجرس
رقم التصنيف PE124
رقم المادة .K85 2010
082 04 - رقم تصنيف ديوى العشرى
رقم التصنيف 420.18
رقم الطبعة 21
رقم المادة K K I
084 ## - رقم تصنيف آخر
رقم التصنيف HF 100
مصدر الرقم rvk
091 ## - موقع الميكروفيلم على الرف - مهمل
موقع ترفيف الميكروفيلم 420.9
100 1# - المدخل الرئيسى - إسم شخصى
الإسم الشخصى Kuiper, Koenraad.
9 (RLIN) 4001
245 13 - بيان العنوان
العنوان An introduction to English language :
بقية العنوان word, sound and sentence /
بيان المسئوليه,etc Koenraad Kuiper and W. Scott Allan.
250 ## - بيان الطبعة
بيان الطبعة 3rd ed.
260 ## - PUBLICATION, DISTRIBUTION, ETC. (IMPRINT)
مكان الناشر او الموزع Basingstoke ;
-- New York :
اسم الناشر او الموزع Palgrave Macmillan,
تاريخ النشر أو التوزيع 2010.
300 ## - الوصف المادى
التعداد xxii, 364 p. :
تفاصيل ماديه اخرى للوعاء ill. ;
أبعاد الوعاء 26 cm.
500 ## - تبصرة عامة
تبصرة عامة Previous ed.: 2004.
500 ## - تبصرة عامة
تبصرة عامة Includes index.
650 #0 - المدخل الاضافى بالموضوع-مصطلح موضوعى
مصطلح موضوعي أو اسم جغرافي كعنصر مدخل English language.
650 #0 - المدخل الاضافى بالموضوع-مصطلح موضوعى
مصطلح موضوعي أو اسم جغرافي كعنصر مدخل English language
التقسيم الفرعي الشكلي Problems, exercises, etc.
650 #0 - المدخل الاضافى بالموضوع-مصطلح موضوعى
مصطلح موضوعي أو اسم جغرافي كعنصر مدخل English language
التقسيم الفرعي الشكلي Textbooks for foreign speakers.
9 (RLIN) 4002
650 #0 - المدخل الاضافى بالموضوع-مصطلح موضوعى
مصطلح موضوعي أو اسم جغرافي كعنصر مدخل Linguistics.
9 (RLIN) 3419
700 1# - المدخل الاضافى - اسم شخصى
الإسم الشخصى Allan, W. Scott,
التواريخ المصاحبة للاسم 1958-
9 (RLIN) 4003
901 ## - عنصر بيانات محلىA, LDA (RLIN)
a BTCLS101119C
908 #4 - ضع فاص الحقل(RLIN)
Put command parameter PE124
942 ## - عناصر المدخل الإضافي( كوها)
مصدر التصنيف او مخطط الترفيف Dewey Decimal Classification
Koha [default] item type DVD
945 ## - معلومات معالجة محلية(OCLC)
a .o13060685
المقتنيات
حالة الفقد نموذج السعر الفعال حالة تلف ليس للاعارة رقم الطلب تاريخ الاكتساب الموقع الحالي الباركود الفرع الرئيسي Date last seen نوع المادة فى نظام كوها مصدر التصنيف او خطة الترفيف Total Checkouts
  2013-03-10     420.18 K K I 2011-09-07 قسم الاجراءات الفنية (IC) 00101798 قسم الاجراءات الفنية (IC) 2013-03-10 كتاب Dewey Decimal Classification  
  2013-03-10     420.18 K K I 2011-09-07 قسم الاجراءات الفنية (IC) 00101799 قسم الاجراءات الفنية (IC) 2013-03-10 كتاب Dewey Decimal Classification